Los orígenes de la nación : (Record no. 75611)
[ view plain ]
| 000 -LEADER | |
|---|---|
| fixed length control field | 00740cam a2200205 4500 |
| 005 - DATE AND TIME OF LATEST TRANSACTION | |
| control field | 20170707131338.0 |
| 008 - FIXED-LENGTH DATA ELEMENTS--GENERAL INFORMATION | |
| fixed length control field | s2001 mx spa |
| 020 ## - INTERNATIONAL STANDARD BOOK NUMBER | |
| International Standard Book Number | 9688594180 |
| 050 04 - LIBRARY OF CONGRESS CALL NUMBER | |
| Classification number | F1219 .3 .E79 |
| Item number | R69 2001 |
| 100 1# - MAIN ENTRY--PERSONAL NAME | |
| Personal name | Rozat, Guy. |
| Fuller form of name | [Guy, Rozat Dupeyron] |
| 245 14 - TITLE STATEMENT | |
| Title | Los orígenes de la nación : |
| Remainder of title | pasado indígena e historia nacional |
| Statement of responsibility, etc | / Guy Rozat. |
| 250 ## - EDITION STATEMENT | |
| Edition statement | 1a ed. |
| 260 ## - PUBLICATION, DISTRIBUTION, ETC. (IMPRINT) | |
| Place of publication, distribution, etc | México : |
| Name of publisher, distributor, etc | Universidad Iberoamericana, Departamento de Historia, |
| Date of publication, distribution, etc | 2001. |
| 300 ## - PHYSICAL DESCRIPTION | |
| Extent | 478 p. ; |
| Dimensions | 21 cm. |
| 490 ## - SERIES STATEMENT | |
| Series statement | Historia Cultural |
| 504 ## - BIBLIOGRAPHY, ETC. NOTE | |
| Bibliography, etc | Incluye bibliografía: (p. 471-478) e índice |
| 650 #7 - SUBJECT ADDED ENTRY--TOPICAL TERM | |
| Source of heading or term | LEMB |
| Topical term or geographic name as entry element | Indios de México |
| General subdivision | Identidad étnica |
| 650 #7 - SUBJECT ADDED ENTRY--TOPICAL TERM | |
| Source of heading or term | LEMB |
| Topical term or geographic name as entry element | Indios de México |
| General subdivision | Historiografía |
| 942 ## - ADDED ENTRY ELEMENTS (KOHA) | |
| Source of classification or shelving scheme | Biblioteca del Cogreso de los Estados Unidos |
| Koha item type | Libro |
| Estado de pérdida | Fuente de clasificación | Estado del daño | No para préstamo | Ubicación permanente | Ubicación actual | Apartado o colección | Fecha de adquisición | Edición | Área del conocimiento | Clasificación | Código de Barras | Date last seen | Número de copia | Tipo de recurso | Nota pública |
|---|---|---|---|---|---|---|---|---|---|---|---|---|---|---|---|
| Biblioteca del Cogreso de los Estados Unidos | Biblioteca del Instituto de Investigaciones Históricas | Biblioteca del Instituto de Investigaciones Históricas | General | 02/05/2017 | 1a ed: | Ciencias Sociales y Administrativas | F1219 .3 .E79 R69 2001 | IIH000015251 | 02/05/2017 | C:1 | Libro | GENERAL | |||
| Biblioteca del Cogreso de los Estados Unidos | Biblioteca del Instituto de Investigaciones Históricas | Biblioteca del Instituto de Investigaciones Históricas | General | 02/05/2017 | 1a ed: | Ciencias Sociales y Administrativas | F1219 .3 .E79 R69 2001 | IIH000015252 | 02/05/2017 | C:2 | Libro | GENERAL | |||
| Biblioteca del Cogreso de los Estados Unidos | Biblioteca del Instituto de Investigaciones Históricas | Biblioteca del Instituto de Investigaciones Históricas | General | 02/05/2017 | 1a ed: | Ciencias Sociales y Administrativas | F1219 .3 .E79 R69 2001 | IIH000015253 | 02/05/2017 | C:3 | Libro | GENERAL |